Statistiques concernant Culture Générale - Série 1050

Cliquez ici pour prendre le quiz!

Statistiques générales

  • Ce quiz a été pris 70 fois
  • Le résultat moyen est 7 sur 10

Statistiques - réponses

QuestionRéponse% Correct
Je peux être "de maître", "de fond", "cirée" ou "d'araignée", que suis-je ?toile
97%
Dans les jardins d'enfants, du haut de quelle rampe inclinée s'amuse-t-on à se laisser glisser ?toboggan
91%
Qui va voir sa bru va voir sa belle-...fille
89%
Quelle onomatopée utilise-t-on pour désigner, familièrement, l'imitation sans valeur d'un bijou précieux ?toc
89%
De quelle star Lourdes Maria Ciccone Leon et Rocco Ritchie sont-ils les enfants ?Madonna
77%
Quel tissu de laine cardée, originellement fabriqué en Écosse, dont on fait des manteaux et des tailleurs, porte un nom anglais issu de "twill" signifiant "étoffe croisée" ?tweed
73%
En astronomie, quels astres, qui tirent leur nom d'un mot grec signifiant "chevelu", possèdent une chevelure et une queue ?comètes
55%
Quel chanteur, oscarisé pour la chanson "Say You, Say Me" en 1986, a sorti l'album "Just Go" en 2009 ?Lionel Richie
36%
De quel groupe britannique à qui l'on doit la chanson "Karma Chameleon", Boy George était-il le chanteur ?Culture Club
35%
Quel thème musical caractéristique, revenant à plusieurs reprises dans une partition, est désigné par un mot allemand signifiant "motif conducteur", et synonyme de "refrain" ?leitmotiv
20%

Distribution des résultats

Percentile par nombre de réponses

% des personnes avec chaque résultat

Votre développement - résultats

Vous n’avez pas pris ce quiz